000 00320nam a22001337a 4500
008 190305b xxu||||| |||| 00| 0 eng d
020 _a9780131141636
041 _aeng
080 _22nd
_a371
100 _a46
101 _aEDU
245 _aHigher Learning Reading and Writing about College
_cSee,P
942 _2udc
_cBK
999 _c54459
_d54459